Science Quiz

Random Science or Biology Quiz

Taxonomic Ranks Quiz Stats

 Plays Quiz Updated Oct 29, 2018

Score 0/8 Timer 02:00
9 Plays Today
Number Rank % Correct
EightSpecies
97.8%
TwoKingdom
94.2%
SevenGenus
92.4%
ThreePhylum
90%
SixFamily
86.4%
FiveOrder
85.8%
FourClass
81.9%
OneDomain
39.5%

You're not logged in!

Compare scores with friends on all Sporcle quizzes.
OR
Log In

Sporcle TV

Today on Sporcle TV


Watch our educational content, quiz creation guides, and fun videos on Sporcle TV.

Show Comments

Extras

Top Quizzes Today


Score Distribution

Your Account Isn't Verified!

In order to create a playlist on Sporcle, you need to verify the email address you used during registration. Go to your Sporcle Settings to finish the process.

Report this User

Report this user for behavior that violates our Community Guidelines.

Details: